000 00298 a2200145 4500
001 176075
020 _a
040 _cMagnum
100 _aGrossi, Esther Pillar
240 1 0 _aEscolas infantis
_lpor
245 1 0 _aEscolas infantis
362 0 _a1899
697 _aMAGNITO: ENSINO
942 _cBK
999 _c176075
_d176075